00551 2200193 4500001002100000005001700021008004100038035002400079082001100103090001700114100001400131245005800145260004800203300002900251500002800280650002500308990001200333990001200345YOGYA-0512000000036420120513182219.0 ind  0010-051200000000364 a839.31 a839.31 Kal G aKALFF, G. aGeschiedenis der Nederlandsche LetterkundecG. Kalff. a[s.l]bTe Groningen Bij J.B. Woltersc1907. a...jilidc23 cm (2 eks.) aYang diterima jilid 2,5 aKesusastraan Belanda a47425-a a47428-a